|
|
|
|
| LEADER |
00000nab a2200000 a 4500 |
| 001 |
vtls010183049 |
| 003 |
SK-MaSNL |
| 005 |
20260304155337.0 |
| 008 |
250507c2010 xo ||||||||||||00 b|slo |
| 015 |
|
|
|a SNBRB2010/10
|2 snkbucl
|
| 035 |
|
|
|a (uuid)f3fad31d-6a49-475f-902d-80e763f0704c
|
| 035 |
|
|
|a urn:nbn:sk:snk-abeuwq
|
| 035 |
|
|
|a (urnnbn)urn:nbn:sk:snk:ar-0072q3
|
| 038 |
|
|
|a SNKBUCL
|
| 040 |
|
|
|a SNKBUCL
|b slo
|c SNKBUCL
|e AACR2
|
| 041 |
0 |
|
|a slo
|
| 044 |
|
|
|a xo
|c SK
|
| 080 |
|
|
|a 636.75
|2 2001
|
| 100 |
1 |
|
|a Inštitorisová, Mária
|4 aut
|9 44507
|
| 245 |
1 |
0 |
|a Malý pes s veľkým srdcom
|c Mária Inštitorisová
|
| 300 |
|
|
|b Fotogr.
|
| 650 |
0 |
7 |
|a poľovné psy
|2 snkbucl
|9 2814
|
| 650 |
0 |
7 |
|a anglický kokeršpaniel
|2 snkbucl
|9 153179
|
| 773 |
0 |
|
|t Poľovníctvo a rybárstvo
|g Roč. 62, č. 10 (2010), s. 36-37
|x 0231-8768
|
| 850 |
|
|
|a Slovenská národná knižnica
|
| 852 |
|
|
|a Slovenská národná knižnica
|
| 954 |
|
|
|a odborná, vedecká literatúra pôvodná (slovenská)
|2 lita
|
| 958 |
|
|
|a article27
|
| 958 |
|
|
|a OND
|
| 958 |
|
|
|a EUIPO
|
| 999 |
|
|
|c 2961721
|d 2963651
|